000
00340nam a2200145Ia 4500
008
151213s9999 xx 000 0 und d
100
_a
Evelyn Waugh
245
_a
Vile Bodies
_c
Evelyn Waugh
260
_a
U.K.
_b
Penguing Boods
_c
1930
300
_a
4556 p.
650
_a
English
650
_a
Novel
700
_a
Evelyn Waugh
999
_c
2930
_d
2930